| 000 | 00658nam a2200229Ia 4500 | ||
|---|---|---|---|
| 003 | OSt | ||
| 005 | 20221007065328.0 | ||
| 006 | a|||||r|||| 00| 0 | ||
| 007 | ta | ||
| 008 | 221006b |||||||| |||| 00| 0 eng d | ||
| 024 | _a20,238 | ||
| 037 | _cTextual | ||
| 040 |
_aFLL _cFLL _beng |
||
| 041 |
_2eng _aeng |
||
| 082 | _aV2:19044Q7:N71, L3;1 | ||
| 100 | _aMisra K.P. | ||
| 245 | 0 | _aRole of the United Nations in the Indo-Pakistani conflict, 1971 | |
| 260 |
_aDelhi _bVikas Publishing House Pvt. Ltd. India _c1973 |
||
| 300 |
_a197p _ccm. |
||
| 942 |
_hV2:19044Q7:N71, L3;1 _cTEXL _2CC |
||
| 999 |
_c1136994 _d1136994 |
||